000 00274nam a2200109Ia 4500
008 220204s9999 xx 000 0 und d
082 _a005
_bGUI
245 0 _aGuide to world science
260 _aBritish Isles
_bFrancis Hodgson
_c1974
650 _aWorld science
942 _cBK
999 _c23385
_d23385